'Friends' at the Golden Globes Quiz Stats

 Plays Quiz not verified by Sporcle

Support Sporcle.
Go Orange.
Score 0/6 Timer 02:30
0 Plays Today
% Correct
Courteney Cox
86.9%
Jennifer Aniston
81.3%
Matt LeBlanc
80.2%
Lisa Kudrow
66.5%
Matthew Perry
65.2%
David Schwimmer
55.4%

You're not logged in!

Compare scores with friends on all Sporcle quizzes.
OR
Log In

From the Vault

Famous British Ships

by Cortez

We wonder how many mermaids the sailors on these ships have seen.
Remove Ads.
Support Sporcle.
Get the best of Sporcle when you Go Orange. This ad-free experience offers more features, more stats, and more fun while also helping to support Sporcle. Thank you for becoming a member.

Show Comments

Extras

Top Quizzes Today


Score Distribution

Your Account Isn't Verified!

In order to create a playlist on Sporcle, you need to verify the email address you used during registration. Go to your Sporcle Settings to finish the process.

Report this User

Report this user for behavior that violates our Community Guidelines.

Details: